00851nam a22002537a 4500003000900000005001700009007000300026008004100029040002500070082002100095100002600116245006700142260007100209300002100280500004300301505001200344505002000356505004300376505003800419505004300457650002800500650002800528650004100556DO-SdBNP20220209144045.0ta220209b1968 ||||| |||| 00| 0 spa d aDO-SdBNPbspacBNPHU4 222aXXXXbC3146m10aCarrera Damas, German10aMetodología y estudio de la historia /cGerman Carrera Damas a[Caracas, Venezuela ] ;bBiblioteca popular el dorado,c[1968 ?].  a324 p. : c16 cm aIncluye datos biográficos del autor. aIndice. aIntroducción. aParte I. Metodología de la historia. aParte II. Estudio de la historia. aParte III. Enseñanza de la historia.40aHistoriaxMetodología40aHistoria xPsicología40aMetodologíavEstudio y enseñanza